000
00332pab a2200145 454500
008
180718b1985 xxu||||| |||| 00| 0 eng d
100
_a
Lavakare, P.J.
245
_a
Taking technology to the poor
260
_c
1985
300
_a
4-6,26
362
_a
26 Jan.
650
_a
Technology - India
773
_a
Yojana
909
_a
19160
999
_c
19160
_d
19160